Southville International School and Colleges
Your cart is empty.
  • Cart
  • Lists
    Public lists Eva Luna New books Lux_list list_1
    Your lists Log in to create your own lists
  • Log in to your account
  • Your cookies
  • Search history
Southville International School and Colleges
  • Advanced search
  • Recent comments
  • Most popular
  • Libraries

Log in to your account

Log in with GOOGLE


If you do not have an external account, but do have a local account, you can still log in:

  1. Home
  2. MARC view: The death cure /
Normal view MARC view ISBD view

The death cure / (Record no. 297728)

[ view plain ]
MARC details
000 -LEADER
fixed length control field 01104cam a2200301 a 4500
001 - CONTROL NUMBER
control field 17592496
003 - CONTROL NUMBER IDENTIFIER
control field SISC
005 - DATE AND TIME OF LATEST TRANSACTION
control field 20160715101641.0
008 - FIXED-LENGTH DATA ELEMENTS--GENERAL INFORMATION
fixed length control field 130116s2011 nyu d 000 1 eng
010 ## - LIBRARY OF CONGRESS CONTROL NUMBER
LC control number 2012464145
020 ## - INTERNATIONAL STANDARD BOOK NUMBER
International Standard Book Number 9780385738781 (pbk.)
040 ## - CATALOGING SOURCE
Original cataloging agency DLC
Transcribing agency DLC
Modifying agency DLC
042 ## - AUTHENTICATION CODE
Authentication code pcc
-- lcac
050 00 - LIBRARY OF CONGRESS CALL NUMBER
Classification number PZ7.D2587
Item number De 2011b
082 00 - DEWEY DECIMAL CLASSIFICATION NUMBER
Classification number [Fic]
100 1# - MAIN ENTRY--PERSONAL NAME
Personal name Dashner, James,
Dates associated with a name 1972-
245 14 - TITLE STATEMENT
Title The death cure /
Statement of responsibility, etc James Dashner.
250 ## - EDITION STATEMENT
Edition statement 1st trade pbk. ed.
260 ## - PUBLICATION, DISTRIBUTION, ETC. (IMPRINT)
Place of publication, distribution, etc New York :
Name of publisher, distributor, etc Delacorte Press,
Date of publication, distribution, etc c2011.
300 ## - PHYSICAL DESCRIPTION
Extent 325 p. ;
Dimensions 21 cm.
500 ## - GENERAL NOTE
General note Sequel to: The Scorch trials.
520 ## - SUMMARY, ETC.
Summary, etc As the third Trial draws to a close, Thomas and some of his cohorts manage to escape from WICKED, their memories having been restored, only to face new dangers as WICKED claims to be trying to protect the human race from the deadly FLARE virus.
650 #1 - SUBJECT ADDED ENTRY--TOPICAL TERM
Topical term or geographic name as entry element Survival
Form subdivision Fiction.
650 #1 - SUBJECT ADDED ENTRY--TOPICAL TERM
Topical term or geographic name as entry element Science fiction.
906 ## - LOCAL DATA ELEMENT F, LDF (RLIN)
a 7
b cbc
c orignew
d 2
e ncip
f 20
g y-gencatlg
942 ## - ADDED ENTRY ELEMENTS (KOHA)
Source of classification or shelving scheme Library of Congress Classification
Koha item type Books
Holdings
Withdrawn status Lost status Source of classification or shelving scheme Damaged status Home library Current library Shelving location Date acquired Source of acquisition Sub Shelving location Total Checkouts Total Renewals Full call number Barcode Date last seen Date checked out Price effective from Koha item type
    Library of Congress Classification   Luxembourg Library Luxembourg Library Fiction Section 07/15/2016 Library Fund   9 6 PZ7.D2587 De 2011b 20285 01/07/2019 12/13/2018 07/15/2016 Books

The death cure /

APA

Dashner J., . (2011). The death cure. New York: Delacorte Press.

Chicago

Dashner James, . 2011. The death cure. New York: Delacorte Press.

Harvard

Dashner J., . (2011). The death cure. New York: Delacorte Press.

MLA

Dashner James, . The death cure. New York: Delacorte Press. 2011.

  • Place hold
  • Print
  • Cite
  • Add to your cart (remove)
  • Save record
    BIBTEX Dublin Core MARCXML MARC (non-Unicode/MARC-8) MARC (Unicode/UTF-8) MARC (Unicode/UTF-8, Standard) MODS (XML) RIS
  • More searches
    Search for this title in:
    Other Libraries (WorldCat) Other Databases (Google Scholar) Online Stores (Bookfinder.com) Open Library (openlibrary.org)

Exporting to Dublin Core...

SOUTHVILLE LIBRARY

Southville International School and Colleges Library

1281 Tropical Ave. Cor. Luxembourg St., BF Homes International, Las Pinas City

Tel. No. 8256374 / 252358 Loc. 117/146

Powered by Koha